000 00462nam a2200157 i 4500
001 151660
003 ES-MaACL
005 20230906204322.0
008 931025s1891 sp b |||| | spa d
100 1 _aBaillo, Román.
_9125781
245 1 0 _aValdemoro /
_cRomán Baillo.
260 _aMadrid :
_b[s.n.],
_c1891 (
_fE. Rubiños)
300 _a114 p., [1] h. de map. ;
_c18 cm.
651 4 _aValdemoro-
_xHistoria.
_9152303
852 _aES-MaACL
_jG-253
_z-- Rúst.
999 _c151660
_d151660